| 000 | 00616nam a2200253 a 4500 | ||
|---|---|---|---|
| 001 | nice12345678 | ||
| 003 | IN_TiNIC | ||
| 005 | 20260116011924.0 | ||
| 008 | 050524s1983 dela grp 000 0 eng | ||
| 020 |
_a _c3.5 |
||
| 082 | 0 | 0 |
_a297.7 _bMAW3 |
| 100 | _aMaududi, S Abul A`La | ||
| 245 | _aIslamic Way of Life | ||
| 260 |
_aDelhi _bMarkazi Maktaba Islami _c1983 |
||
| 300 | _a92p | ||
| 500 | _aincludes index and biblioraphy | ||
| 505 | 2 | _aAppendex, Index | |
| 650 | _aDawah-Islam | ||
| 650 | _aIslam and State | ||
| 700 | 1 | _aMaududi, S Abul A`La | |
| 902 | _bSRS | ||
| 942 | _cBK | ||
| 999 |
_c4916 _d4916 |
||